000 00643nam a2200193Ia 4500
003 GCL
008 140319s9999 xx 000 0 ara d
040 _aGCL /
_cGCL
082 0 4 _a239.4
_bو ك
100 1 _aالواقدى, محمد بن عمر بن واحد
245 1 0 _aكتاب المغازى للواقدى /
_cالواقدى, محمد بن عمر بن واحد
260 _a[S.N] :
_bمؤسسة الاعلى للمطبوعات ،
_c1989
300 _a431 ص
490 _a
650 0 4 _aالسيرة النبوية
650 0 4 _aالتاريخ الاسلامى
650 0 4 _aالغزوات الاسلامية
942 _2ddc
_cBK
999 _c31053
_d31053